| Tag |
First Indicator |
Second Indicator |
Subfields |
| LEADER |
00000cam a2200000 a 4500 |
| 001 |
in00004490121 |
| 005 |
20191203081612.0 |
| 008 |
951215s1997 mouaf b 001 0 eng |
| 010 |
|
|
|a 95048334
|
| 019 |
|
|
|a 35874944
|
| 020 |
|
|
|a 0801678536
|
| 035 |
|
|
|a (OCoLC)33970371
|
| 035 |
|
|
|9 AAH5317MS
|
| 035 |
|
|
|z (UtOrBLW)25488
|
| 035 |
|
|
|a 39262
|
| 040 |
|
|
|a DLC
|c DLC
|d NLM
|d UtOrBLW
|
| 049 |
|
|
|a TMVM
|c 1
|
| 050 |
0 |
0 |
|a QR67
|b .D45 1997
|
| 060 |
0 |
0 |
|a 1996 J-188
|
| 060 |
1 |
0 |
|a QY 25
|b D362i 1996
|
| 060 |
|
4 |
|a QY 25
|b D362i 1997
|
| 069 |
0 |
|
|a 9614418
|
| 082 |
0 |
0 |
|a 616/.01
|2 20
|
| 100 |
1 |
|
|a Delost, Maria Dannessa.
|
| 245 |
1 |
0 |
|a Introduction to diagnostic microbiology :
|b a text and workbook /
|c Maria Dannessa Delost.
|
| 246 |
3 |
0 |
|a Diagnostic microbiology
|
| 264 |
|
1 |
|a St. Louis :
|b Mosby,
|c [1997]
|
| 264 |
|
4 |
|c ©1997
|
| 300 |
|
|
|a xvi, 552 pages, 16 unnumbered pages of plates :
|b illustrations (some color) ;
|c 28 cm.
|
| 336 |
|
|
|a text
|2 rdacontent
|b txt
|
| 337 |
|
|
|a unmediated
|2 rdamedia
|
| 338 |
|
|
|a volume
|2 rdacarrier
|b nc
|
| 504 |
|
|
|a Includes bibliographical references and index.
|
| 650 |
|
2 |
|a Laboratory Techniques and Procedures.
|
| 650 |
|
2 |
|a Microbiological Techniques
|v Problems and Exercises.
|
| 999 |
|
|
|a MARS
|
| 999 |
f |
f |
|s a039b1e6-ebcc-35f8-aaa3-b35cc67346d4
|i 64944958-8f98-3fb4-9d85-8b4513af2aa1
|t 0
|
| 952 |
f |
f |
|p ric
|a Texas A&M University
|b Rellis Campus
|c Joint Library Facility
|d Remote Storage
|t 0
|e QY 25 D362i 1997
|h National Library of Medicine classification
|i unmediated -- volume
|m 323890127999J
|
| 998 |
f |
f |
|a QY 25 D362i 1997
|t 0
|l Remote Storage
|